| 000 | 01510cad a22003015a 4500 | ||
|---|---|---|---|
| 001 | 115245 | ||
| 008 | 140115s2014 xxk f 000 0 eng d | ||
| 020 | _a9781783210626 | ||
| 035 | _a(Sirsi) u158284 | ||
| 041 | 0 | _aeng | |
| 050 | 0 | 4 | _a692.3 $2 18 |
| 110 | 2 |
_aInternational Property Measurement Standards Coaliton _96145 |
|
| 240 | _aIPMS | ||
| 245 | 0 | 0 |
_aInternational Property Measurement Standards _bOffice Buildings _h[electronic resource] |
| 260 |
_aLondon, _bInternational Property Measurement Standards Coalition, _c2014 |
||
| 300 | _a26p | ||
| 490 | _aInternational Property Measurement Standards | ||
| 520 | _aIPMS for Office Buildings has been drafted by the independent Standards Setting Committee and establishes a consistent methodology for measuring office buildings around the world. The aim of the Coalition is to enable buildings to be measured, and the resulting calculated areas to be provided, on a transparent basis. IPMS will promote market efficiency through greater confidence between investors and occupiers by providing consistent property measurements for transactions and valuations. | ||
| 590 | _aKA | ||
| 650 | 2 | 4 | _aInternational Property Measurement Standards |
| 651 | 4 | _aInternational | |
| 690 |
_aMeasurement _96256 |
||
| 700 | 1 | _aCreighton, Kenneth | |
| 700 | 1 | _aPirlot, Jean-Yves | |
| 700 | 1 | _aPrats, Lisa | |
| 856 | 4 | 0 |
_uhttps://ipmsc.org/wp-content/uploads/2014/11/ipms-office-buildings-november-20141.pdf _zAvailable on IPMSC archive |
| 942 |
_n0 _2ddc |
||
| 999 |
_c115245 _d115245 |
||